00366 a2200097 4500001001000000005001700010008004100027245011200068100002000180773006800200ART_3902220260410161804.0260409a 10aCódigo de bancarrotas de los Estados Unidos. Una traducción y comentario. El mundo en proceso de cambio1 aDasso, Ariel G.0 tDoctrina Societaria y Concursalg- Nº 322 (sep. 2014)wREV4298